00509 2200193 4500001002100000008004100021035001900062245005300081100001600134250000900150260004100159300002700200020002100227084001500248082000900263650000900272990001700281990001700298INLIS000000000016382 Ind $a 0010-0525000045$a Agar rezeki turun sederas hujan / $c Asep Maulana$a Asep Maulana$a Cet.1$a Depok : $b Senja Media Utama $c 2023 $a 176 hlm. ; $c 19x13 cm.$a 978-623-96027-8-9$a 297.4 Ase a$a 297.4$a Fiqih$a 35165/bt/2024$a 35166/bt/2024